| 000 | 00798nam a22002657a 4500 | ||
|---|---|---|---|
| 003 | CHAP | ||
| 005 | 20220817041620.0 | ||
| 008 | 971013s r 00010 d | ||
| 010 | _a19760 | ||
| 011 | _a20732 | ||
| 035 | _a24820 | ||
| 040 | _cCHAP | ||
| 082 |
_a633.11 _bC4e |
||
| 110 | _aCentro Internacional de Mejoramiento de Maíz y Trigo | ||
| 245 | _aResults of the elite durum yield trial (EDYT) 19 -19 | ||
| 260 |
_aMéxico : _b(El Centro), _c19 - |
||
| 300 | _av. | ||
| 500 | _aLa biblioteca tiene: 1977-78 | ||
| 590 |
_aBATCH-UPD _b10 _c20130110 _lUCH01 _h1735 |
||
| 590 |
_aCONVERSION _b10 _c20130109 _lUCH01 _h1312 |
||
| 650 | 1 | 4 |
_aTrigo cristalino. _9115136 |
| 901 | _aBK | ||
| 942 | _cLIBRO | ||
| 949 |
_a633.11 C4e _bBC _cLIBRO _d33724000192837 _eLIBRO _f1977-78 _h60536 _i24820 _mD _si |
||
| 999 |
_c19760 _d19760 |
||